00346nam a22001337a 4500003000700000005001700007008004100024082001800065100002000083245003100103260002800134300000800162650004200170MPLRDC20220104123835.0210129b ||||| |||| 00| 0 eng d a176.3 CQH c.2 a蔡琼华编著 a惊异的学习记忆法c ab雷鼓出版社c1991 b平 a心理过程--注意, 记忆与学习